|
|
|
|
| LEADER |
01143nam a2200265 a 4500 |
| 001 |
4329446 |
| 008 |
111017r1989 njua b 001 0 eng d |
| 010 |
|
|
|a 88025073
|
| 020 |
|
|
|a 8120306031
|
| 020 |
|
|
|a 0133152502
|
| 040 |
|
|
|a DLC
|c DLC
|d DLC
|d BD-DhAAL
|
| 082 |
0 |
0 |
|a 658.1/5
|2 19
|
| 100 |
1 |
|
|a Hampton, John J.,
|d 1942-
|
| 245 |
1 |
0 |
|a Financial decision making :
|b concepts, problems, and cases /
|c John J. Hampton.
|
| 250 |
|
|
|a 4th ed.
|
| 260 |
|
|
|a Englewood Cliffs, N.J. ;
|a New Delhi :
|b Prentice Hall,
|c c1989.[Reprinted 1998]
|
| 300 |
|
|
|a xxiv, 550 p. :
|b ill. ;
|c 24 cm.
|
| 504 |
|
|
|a Includes Bibliography (p. 525-544.)
|
| 500 |
|
|
|a Includes index.
|
| 541 |
|
|
|e 00011686
|
| 650 |
|
0 |
|a Corporations
|x Finance.
|
| 852 |
1 |
|
|a Ayesha Abed Library
|j General shelf
|
| 999 |
|
|
|c 11341
|d 11341
|
| 952 |
|
|
|0 0
|1 0
|4 0
|6 658_150000000000000_HAM_1998
|7 0
|9 18417
|a BRACUL
|b BRACUL
|c GEN
|d 2011-10-18
|l 2
|m 1
|o 658.15 HAM
|p 3010011686
|r 2013-03-16
|s 2013-03-09
|t 1
|w 2011-10-18
|y BK
|x Available
|
| 952 |
|
|
|0 0
|1 0
|4 0
|6 658_150000000000000_HAM_1998
|7 0
|9 18418
|a BRACUL
|b BRACUL
|c GEN
|d 2011-10-18
|l 1
|m 13
|o 658.15 HAM
|p 3010008167
|r 2013-12-25
|s 2013-09-28
|t 2
|w 2011-10-18
|y BK
|x Available
|